Van Miêu (Record no. 183594)

MARC details
000 -LEADER
campo de control de longitud fija 00875nam a2200241 i 4500
001 - NÚMERO DE CONTROL
campo de control 183594
003 - IDENTIFICADOR DE NÚMERO DE CONTROL
campo de control ES-MaACL
005 - FECHA Y HORA DE LA ÚLTIMA TRANSACCIÓN
campo de control 20231107144334.0
008 - DATOS DE LONGITUD FIJA--INFORMACIÓN GENERAL
campo de control de longitud fija 140725s2001 vm eo |||| |deng d
080 ## - NÚMERO DE LA CLASIFICACIÓN DECIMAL UNIVERSAL
Número de la Clasificación Decimal Universal 72:299.512
100 1# - ENTRADA PRINCIPAL--NOMBRE DE PERSONA
Nombre de persona Sagemueller, Ernst.
9 (RLIN) 155098
245 10 - MENCIÓN DEL TÍTULO
Título Van Miêu
Resto del título : the temple of literature /
Mención de responsabilidad, etc. by Ernst Sagemueller ; photos, The Thuc-Hoang The Nhiem ; designer, Nguyen Kien.
260 ## - PUBLICACIÓN, DISTRIBUCIÓN, ETC.
Lugar de publicación, distribución, etc. [Hanoi, Vietnam] :
Nombre del editor, distribuidor, etc. VNA Publishing House,
Fecha de publicación, distribución, etc. 2001.
300 ## - DESCRIPCIÓN FÍSICA
Extensión 89 p. (1 pleg.) :
Otras características físicas fot. col., plano ;
Dimensiones 21 cm.
505 8# - NOTA DE CONTENIDO CON FORMATO
Nota de contenido con formato Contiene: ;
Título Lunyu of Confucius(
Información miscelánea p. 88-89)
610 24 - PUNTO DE ACCESO ADICIONAL DE MATERIA--NOMBRE DE ENTIDAD CORPORATIVA
Nombre de entidad corporativa o nombre de jurisdicción como elemento de entrada Van Mieu (Hanoi)
9 (RLIN) 155100
650 04 - PUNTO DE ACCESO ADICIONAL DE MATERIA--TÉRMINO DE MATERIA
Término de materia o nombre geográfico como elemento de entrada Confucianismo.
9 (RLIN) 11279
740 3# - ENTRADA AGREGADA--TÍTULO RELACIONADO/ANALÍTICO NO CONTROLADO
Título relacionado o analítico no controlado The temple of literature.
740 0# - ENTRADA AGREGADA--TÍTULO RELACIONADO/ANALÍTICO NO CONTROLADO
Título relacionado o analítico no controlado Lunyu of Confucius.
852 ## - LOCALIZACIÓN
Ubicación ES-MaACL
Número de control de estantería A-13193
itemnumber 190536
Sublocalización o colección R.149942
Ubicación en estantería Depósito 1
Signatura antigua Olim: N-6193
942 ## - ELEMENTOS DE ENTRADA SECUNDARIOS (KOHA)
Fuente del sistema de clasificación o colocación Clasificación decimal universal
Tipo de ítem Koha Libro impreso
Holdings
Estatus retirado Estado de pérdida Fuente del sistema de clasificación o colocación Estado de daño No para préstamo Biblioteca de origen Biblioteca actual Ubicación en estantería Fecha de adquisición Fuente de adquisición Total de préstamos Signatura topográfica completa Código de barras Visto por última vez Precio de reemplazo Tipo de ítem Koha
    Clasificación decimal universal     Biblioteca del Ateneo de Madrid Biblioteca del Ateneo de Madrid Depósito 1 25/07/2014 Donación   A-13193 1192977 23/02/2023 23/02/2023 Libro impreso